Bandiere delle Regioni d'Italia (con mappa) - Statistics

Statistiche generali
  • Questo quiz è stato fatto 766 volte
    359 dall'ultimo reset
  • Il punteggio medio è 12 su 20
Risposte nella Mappa
Le risposte nella mappa del quiz sottostante sono codificate secondo una scala di colori dal rosso al verde in base alla % di persone che hanno risposto correttamente.
 
Statistiche sulle risposte
Risposta % Corretto
Sardegna
89%
Sicilia
87%
Lazio
82%
Calabria
79%
Puglia
74%
Emilia-Romagna
72%
Molise
71%
Lombardia
70%
Veneto
66%
Piemonte
56%
Toscana
55%
Marche
53%
Trentino-Alto Adige
53%
Valle d'Aosta
52%
Campania
51%
Basilicata
50%
Umbria
44%
Abruzzo
41%
Liguria
41%
Friuli-Venezia Giulia
40%
Nessun quiz corrispondente trovato
Distribuzione punteggi
Percentuale di utenti per punteggio
Percentile per numero di risposta
I tuoi punteggi nel tempo
Non hai fatto questo quiz dall'ultimo reset